Hydinársky priemysel technicko-ekonomický mesačník hydinárskeho priemyslu
| New Title: | Hydinársky pokrok Hydina |
|---|---|
| Format: | Journal |
| Language: | Slovak |
| PhysicalDescription: | 28 zv. tab., graf. 21 cm |
| Published: |
Bratislava
Výskumný ústav hydinárskeho priemyslu
1958-1986
|
| ISSN: | 0323-1380 0231-5475 1210-0145 |
| Subjects: |
MARC
| LEADER | 00000cas a2200000 a 4500 | ||
|---|---|---|---|
| 001 | vtls008986074 | ||
| 003 | SK-MaSNL | ||
| 005 | 20260228164155.0 | ||
| 008 | 150319d19581986xo mr|p 0 b0slo c | ||
| 022 | |a 0323-1380 | ||
| 040 | |a STUSCHK1 |b slo |c STUSCHK1 |d SNK |e AACR2 | ||
| 041 | 0 | |a slo |b cze | |
| 044 | |a xo |c SK | ||
| 072 | 7 | |a 636 |x Chov zvierat. Živočíšna výroba |2 konspekt | |
| 080 | |a 636.5 |2 2001 | ||
| 080 | |a 050 |2 2001 | ||
| 080 | |a 636.08 |2 2001 | ||
| 210 | 0 | |a Hydin. priem. | |
| 222 | 0 | |a Hydinársky priemysel | |
| 245 | 0 | 0 | |a Hydinársky priemysel |b technicko-ekonomický mesačník hydinárskeho priemyslu |
| 260 | |a Bratislava |b Výskumný ústav hydinárskeho priemyslu |c 1958-1986 | ||
| 300 | |a 28 zv. |b tab., graf. |c 21 cm | ||
| 310 | |a 1x mesačne | ||
| 362 | 0 | |a 1958-roč. 28, č . 12 (1986) |z Národná agnetúra ISSN | |
| 500 | |a Neskorší podnázov: vedecko-technicko-ekonomický mesačník hydinárskeho priemyslu | ||
| 500 | |a Redaktori sa menia | ||
| 546 | |a Čiast. text v čes. | ||
| 580 | |a Zlúčením s titulom: Hydinársky pokrok vznikol: Hydina | ||
| 650 | 0 | 7 | |a hydinársky priemysel |2 SNKPH |9 4336 |
| 650 | 0 | 7 | |a hydina |2 SNKPH |9 2747 |
| 650 | 0 | 7 | |a chov domácich zvierat |2 SNKPH |9 2801 |
| 655 | 7 | |a odborné časopisy |2 SNKPH |9 70505 | |
| 785 | 1 | 7 | |t Hydinársky pokrok |x 0231-5475 |w vtls001287134 |
| 785 | 1 | 7 | |t Hydina |x 1210-0145 |w vtls008986065 |
| 850 | |a Slovenská chemická knižnica v Bratislave | ||
| 910 | |a SCHK95 | ||
| 910 | |a snk | ||
| 916 | |a 1968-1986 | ||
| 999 | |c 12551 |d 14481 | ||
| 952 | |0 0 |1 0 |4 0 |7 0 |a SNK |b SNK |d 2009-03-20 |f 1 |i snkČSP 695/71 |l 0 |o snkČSD 522/12/1970 |p 17A0614459 |r 2026-02-21 19:30:59 |t č. 1-12 |w 2026-02-21 |y PREZ | ||
| 952 | |0 0 |1 0 |4 0 |7 0 |a SNK |b SNK |d 2009-03-20 |i snkČSP 696/71 |l 0 |o snkČSD 522/12/1970 D1 |p 17A0614415 |r 2026-02-21 19:30:59 |t č. 1 - 12 |w 2026-02-21 |y PREZ | ||
| 952 | |0 0 |1 0 |4 0 |7 0 |a SNK |b SNK |d 2015-02-20 |f 1 |i snkČSP 782/77 |l 0 |o snkČSD 522/19/1977 |p 17A0759923 |r 2026-02-21 19:34:08 |t č. 1-12 |w 2026-02-21 |y PREZ | ||
| 952 | |0 0 |1 0 |4 0 |7 0 |a SNK |b SNK |d 2015-02-20 |f 1 |i snkČSP 1454/81 |l 0 |o snkČSD 522/22/1980 |p 17A0759924 |r 2026-02-21 19:34:08 |t č. 1-12 |w 2026-02-21 |y PREZ | ||
| 952 | |0 0 |1 0 |4 0 |7 0 |a SNK |b SNK |d 2000-02-14 |l 0 |o snkČSD 522/23/1981 D1 |p 17A0227333 |r 2005-01-02 00:00:00 |w 2026-02-21 |y PREZ | ||
| 952 | |0 0 |1 0 |4 0 |7 0 |a SNK |b SNK |d 2000-05-29 |l 0 |o snkČSD 522/27/1985 D1 |p 17A0241575 |r 2005-01-02 00:00:00 |w 2026-02-21 |y PREZ | ||
| 952 | |0 0 |1 0 |4 0 |7 0 |a SNK |b SNK |d 1997-12-01 |l 0 |o snkČSD 522/28/1986 D1 |p 17A0111416 |r 2005-01-02 00:00:00 |w 2026-02-21 |y PREZ | ||
| 952 | |0 0 |1 0 |4 0 |7 0 |a SNK |b SNK |d 2000-05-31 |l 0 |o snkČSD 522/16/1974 D1 |p 17A0241417 |r 2005-01-02 00:00:00 |w 2026-02-21 |y PREZ | ||
| 952 | |0 0 |1 0 |4 0 |7 0 |a SNK |b SNK |d 2001-11-05 |f 1 |i snkČSP 902/72 |l 0 |o snkČSD 522/13/1971 |p 17A0321967 |r 2005-01-02 00:00:00 |t č. 1-12, +príl. |w 2026-02-21 |y PREZ |z Príloha: Tabuľky prepočtov vajec | ||
| 952 | |0 0 |1 0 |4 0 |7 0 |a SNK |b SNK |d 2003-02-26 |f 1 |i snkČSP 649/73 |l 0 |o snkČSD 522/14/1972 |p 17A0759918 |r 2005-01-02 00:00:00 |t č. 1-12 |w 2026-02-21 |y PREZ | ||
| 952 | |0 0 |1 0 |4 0 |7 0 |a SNK |b SNK |d 2003-11-10 |f 1 |i snkČSP 1503/80 |l 0 |o snkČSD 522/21/1979 |p 17A0402784 |r 2005-01-02 00:00:00 |t č. 1-12 |w 2026-02-21 |y PREZ | ||
| 952 | |0 0 |1 0 |4 0 |7 0 |a SNK |b SNK |d 2015-02-19 |f 1 |i snkČSP 1471/68 |l 0 |o snkČSD 522/10/1968 |p 17A0759916 |r 2026-02-21 21:04:06 |t č. 1-12, neúplné |w 2026-02-21 |y PREZ |z chýba č. 1, 3-11 | ||
| 952 | |0 0 |1 0 |4 0 |7 0 |a SNK |b SNK |d 2015-02-19 |f 1 |i snkČSP 953/70 |l 0 |o snkČSD 522/11/1969 |p 17A0759917 |r 2026-02-21 21:04:06 |t č. 1-10 |w 2026-02-21 |y PREZ | ||
| 952 | |0 0 |1 0 |4 0 |7 0 |a SNK |b SNK |d 2015-02-20 |f 1 |i snkČSP 369/75 |l 0 |o snkČSD 522/15/1973 |p 17A0759919 |r 2026-02-21 21:04:15 |t č. 1-12 |w 2026-02-21 |y PREZ | ||
| 952 | |0 0 |1 0 |4 0 |7 0 |a SNK |b SNK |d 2015-02-20 |f 1 |i snkČSP 1328/75 |l 0 |o snkČSD 522/16/1974 |p 17A0759920 |r 2026-02-21 21:04:15 |t č. 1-12 |w 2026-02-21 |y PREZ | ||
| 952 | |0 0 |1 0 |4 0 |7 0 |a SNK |b SNK |d 2015-02-20 |f 1 |i snkČSP 1628/76 |l 0 |o snkČSD 522/17/1975 |p 17A0759921 |r 2026-02-21 21:04:15 |t č. 1-12 |w 2026-02-21 |y PREZ | ||
| 952 | |0 0 |1 0 |4 0 |7 0 |a SNK |b SNK |d 2015-02-20 |f 1 |i snkČSP 493/77 |l 0 |o snkČSD 522/18/1976 |p 17A0759922 |r 2026-02-21 21:04:15 |t č. 1-12 |w 2026-02-21 |y PREZ | ||
| 952 | |0 0 |1 0 |4 0 |7 0 |a SNK |b SNK |d 2001-11-06 |f 1 |i snkČSP 1288/78 |l 0 |o snkČSD 522/20/1978 |p 17A0319520 |r 2005-01-02 00:00:00 |t č. 1-12 |w 2026-02-21 |y PREZ | ||
| 952 | |0 0 |1 0 |4 0 |7 0 |a SNK |b SNK |d 2013-11-12 |f 1 |i snkČSP 1030/85 |l 0 |o snkČSD 522/26/1984 |p 17A0759928 |r 2026-02-21 21:43:43 |t č. 1-12, +mim. č. |w 2026-02-21 |y PREZ | ||
| 952 | |0 0 |1 0 |4 0 |7 0 |a SNK |b SNK |d 2015-02-20 |f 1 |i snkČSP 1059/82 |l 0 |o snkČSD 522/23/1981 |p 17A0759925 |r 2026-02-21 21:44:23 |t č. 1-12 |w 2026-02-21 |y PREZ | ||
| 952 | |0 0 |1 0 |4 0 |7 0 |a SNK |b SNK |d 2015-02-20 |f 1 |i snkČSP 1382/83 |l 0 |o snkČSD 522/24/1982 |p 17A0759926 |r 2026-02-21 21:44:23 |t č. 1-12 |w 2026-02-21 |y PREZ | ||
| 952 | |0 0 |1 0 |4 0 |7 0 |a SNK |b SNK |d 2015-02-20 |f 1 |i snkČSP 752/84 |l 0 |o snkČSD 522/25/1983 |p 17A0759927 |r 2026-02-21 21:44:23 |t č. 1-12 |w 2026-02-21 |y PREZ | ||
| 952 | |0 0 |1 0 |4 0 |7 0 |a SNK |b SNK |d 2015-02-20 |f 1 |i snkČSP 4667/86 |l 0 |o snkČSD 522/27/1985 |p 17A0759929 |r 2026-02-21 21:44:23 |t č. 1-12 |w 2026-02-21 |y PREZ | ||
| 952 | |0 0 |1 0 |4 0 |7 0 |a SNK |b SNK |d 2015-02-20 |f 1 |i snkČSP 371/88 |l 0 |o snkČSD 522/28/1986 |p 17A0759930 |r 2026-02-21 21:44:23 |t č. 1-12 |w 2026-02-21 |y PREZ | ||


